000 00499nam a2200169Ia 4500
999 _c1737
_d1737
003 OSt
005 20201001103926.0
008 190216s9999||||xx |||||||||||||| ||und||
040 _coclc
082 _a580
_bRAG/A
100 _aRagland, Annie
_94791
245 0 _aAlgae, Bryophytes And Algal Biotechnology /
_cAnnie Ragland ; V Kumaresan
260 _bSaras Publications,
_aNagercoil:
_c2009.
300 _a162p
650 _aBotany
942 _cBK
_2ddc
_h580
_iRAG/A
_k580
_mRAG/A